Score 0/7 Timer 03:00
0 Plays Today
Question Answer Wrong Answers
This iconic structure is officially opened to the public at the Universal Exposition in Paris.
1889
Eiffel Tower
91.5%
Louvre
3.8%
Notre Dame Cathedral
1.3%
Arc de Triomphe
2.6%
This prolific American actor, who rose to fame in his role as Dr. Doug Ross on the medical drama ‘ER’, is born.
1961
George Clooney
90.6%
Brad Pitt
1.5%
Matt Damon
1.9%
Ben Affleck
2.7%
This author is awarded the Pulitzer Prize for his novel, ‘The Grapes of Wrath’.
1940
John Steinbeck
84.4%
Ernest Hemingway
5.6%
F. Scott Fitzgerald
4.8%
William Faulkner
2.7%
At Iffley Road Track in Oxford, this man becomes the first person to run the mile in under four minutes.
1954
Roger Bannister
79.4%
John Landy
6.1%
Steve Prefontaine
8.6%
Chris Brasher
2.9%
This man, then a pitcher for the Boston Red Sox, hits his first major league home run. He would hit 713 more in his career.
1915
Babe Ruth
77.1%
Ty Cobb
8.1%
Ted Williams
5.1%
Joe DiMaggio
7.9%
During a trip to Syria, Pope John Paul II becomes the first pope to ______.
2001
Enter a mosque
61.6%
Ride in a taxi
4%
Visit an Arab country
23.8%
Take a selfie
7.1%
The United States Congress passes the ______ Exclusion Act, the first law implemented to prevent a specific ethnic group from immigrating to the US.
1882
Chinese
58.8%
Mexican
14.9%
Irish
22.6%
Italian
3.6%
Remove Ads.
Support Sporcle.
Get the best of Sporcle when you Go Orange. This ad-free experience offers more features, more stats, and more fun while also helping to support Sporcle. Thank you for becoming a member.

You're not logged in!

Compare scores with friends on all Sporcle quizzes.
OR
Log In

Show Comments

Extras

Top Quizzes Today


Score Distribution

Your Account Isn't Verified!

In order to create a playlist on Sporcle, you need to verify the email address you used during registration. Go to your Sporcle Settings to finish the process.

Report this User

Report this user for behavior that violates our Community Guidelines.

Details: